| 000 | 01311nam a2200301Ia 4500 | ||
|---|---|---|---|
| 005 | 20220317000452.0 | ||
| 008 | 160315s2013 ck g 000 1 spa | ||
| 020 | _a9581400087 | ||
| 100 | 1 |
_aArango Cano, Jesús, _d1915-2015 |
|
| 245 | 1 | 0 |
_aMitos, leyendas y dioses chibchas _cJesús Arango Cano |
| 250 | _a9a. edición | ||
| 300 |
_a167 páginas _c18 cm |
||
| 490 | _aSelección cultura colombiana | ||
| 490 | _aHistoria | ||
| 505 | _aBachué -- Mito sobre la creación del sol y la luna -- El mito de Chiminigagua -- Nemqueteba -- Bochica -- Leyenda de la cacica de Guatavita -- La leyenda de "El Dorado" -- Hunzahúa -- Tomagata -- Goranchacha | ||
| 650 | 1 | 4 |
_2LEMB _aLeyendas y mitos colombianos _ySiglo XIX |
| 650 | 1 | 4 |
_2LEMB _aLiteratura colombiana _ySiglo XIX |
| 650 | 1 | 4 |
_2LEMB _aLeyendas índigenas |
| 650 | 1 | 4 |
_2LEMB _aMitología índigena |
| 740 | _aBachuéMito sobre la creación del sol y la luna;El mito de Chiminigagua;Nemqueteba;Bochica;Leyenda de la Cacica de Guatavita;La leyenda de "El Dorado";Hunzahúa;Tomagata;Goranchacha | ||
| 942 |
_2loc _cBKLIT |
||
| 264 |
_aBogotá _bPlaza & Janés _c2013 |
||
| 336 |
_atexto _btxt _2rdacontent |
||
| 337 |
_asin mediación _bn _2rdamedia |
||
| 338 |
_avolumen _bnc _2rdacarrier |
||
| 040 |
_aCO-BoRNBP _bspa _erda _cCO-BoRNBP |
||
| 084 | _aLM ARA3 | ||
| 999 |
_c4125 _d4125 |
||